header

All souls : (Record no. 103)

MARC details
000 -LEADER
fixed length control field 01689cam a2200397 a 4500
001 - CONTROL NUMBER
control field 4995673
003 - CONTROL NUMBER IDENTIFIER
control field OSt
005 - DATE AND TIME OF LATEST TRANSACTION
control field 20150917114316.0
008 - FIXED-LENGTH DATA ELEMENTS--GENERAL INFORMATION
fixed length control field 990414s1999 maua 000 0aeng
010 ## - LIBRARY OF CONGRESS CONTROL NUMBER
LC control number 99030692
020 ## - INTERNATIONAL STANDARD BOOK NUMBER
International Standard Book Number 0807072125 (cl)
040 ## - CATALOGING SOURCE
Original cataloging agency DLC
Transcribing agency DLC
Modifying agency DLC
043 ## - GEOGRAPHIC AREA CODE
Geographic area code n-us-ma
050 00 - LIBRARY OF CONGRESS CALL NUMBER
Classification number F73.68.S7
Item number M33 1999
082 00 - DEWEY DECIMAL CLASSIFICATION NUMBER
Classification number 974.4/6104/092
-- B
Edition number 21
100 1# - MAIN ENTRY--PERSONAL NAME
Personal name MacDonald, Michael Patrick.
245 10 - TITLE STATEMENT
Title All souls :
Remainder of title a family story from Southie /
Statement of responsibility, etc Michael Patrick MacDonald.
260 ## - PUBLICATION, DISTRIBUTION, ETC. (IMPRINT)
Place of publication, distribution, etc Boston :
Name of publisher, distributor, etc Beacon Press,
Date of publication, distribution, etc c1999.
300 ## - PHYSICAL DESCRIPTION
Extent 266 p. :
Other physical details ill. ;
Dimensions 23 cm.
600 10 - SUBJECT ADDED ENTRY--PERSONAL NAME
Personal name MacDonald, Michael Patrick
General subdivision Childhood and youth.
Personal name McDonald family.
650 #0 - SUBJECT ADDED ENTRY--TOPICAL TERM
Topical term or geographic name as entry element Irish Americans
Geographic subdivision Massachusetts
-- Boston
Form subdivision Biography.
Topical term or geographic name as entry element Irish American families
Geographic subdivision Massachusetts
-- Boston.
651 #0 - SUBJECT ADDED ENTRY--GEOGRAPHIC NAME
Geographic name South Boston (Boston, Mass.)
Form subdivision Biography.
Geographic name Boston (Mass.)
Form subdivision Biography.
Geographic name South Boston (Boston, Mass.)
General subdivision Social life and customs.
Geographic name South Boston (Boston, Mass.)
General subdivision Social conditions.
Geographic name Boston (Mass.)
General subdivision Social life and customs.
Geographic name Boston (Mass.)
General subdivision Social conditions.
856 42 - ELECTRONIC LOCATION AND ACCESS
Materials specified Publisher description
Uniform Resource Identifier <a href="http://www.loc.gov/catdir/description/hm031/99030692.html">http://www.loc.gov/catdir/description/hm031/99030692.html</a>
Materials specified Contributor biographical information
Uniform Resource Identifier <a href="http://www.loc.gov/catdir/enhancements/fy0736/99030692-b.html">http://www.loc.gov/catdir/enhancements/fy0736/99030692-b.html</a>
906 ## - LOCAL DATA ELEMENT F, LDF (RLIN)
a 7
b cbc
c orignew
d 1
e ocip
f 19
g y-gencatlg
942 ## - ADDED ENTRY ELEMENTS (KOHA)
Source of classification or shelving scheme Library of Congress Classification
Koha item type Long Loan Books
Holdings
Withdrawn status Lost status Source of classification or shelving scheme Damaged status Not for loan Collection code Home library Current library Shelving location Date acquired Total Checkouts Full call number Barcode Date last seen Price effective from Koha item type
    Library of Congress Classification     Fiction Rongo University Library Rongo University Library General Stacks 17/09/2015   F73.68.S7 M33 1999 20154048 17/09/2015 17/09/2015 Long Loan Books

© 2026 Rongo University
Contact us: librarian | system librarian | Rongo university